000 nam a22 7a 4500
999 _c10684
_d10684
008 180220b ||||| |||| 00| 0 eng d
100 _aBhandari, M
_96557
245 _aTogether with Physics -XII
260 _aNew Delhi
_bRachna Publication
_c2012